Democracy in India / (Record no. 20453)
[ view plain ]
| 000 -LEADER | |
|---|---|
| fixed length control field | 01148nam a2200277 a 4500 |
| 005 - DATE AND TIME OF LATEST TRANSACTION | |
| control field | 2011090209389.0 |
| 008 - FIXED-LENGTH DATA ELEMENTS--GENERAL INFORMATION | |
| fixed length control field | 820422s1980 ii bcfj 000 0 eng |
| 010 ## - LCCN (DPL NO) | |
| LC control number | ENG-92319 |
| 020 ## - INTERNATIONAL STANDARD BOOK NUMBER | |
| Terms of availability | 200.00 |
| International Standard Book Number | 9788123752679 (Hb) |
| 020 ## - INTERNATIONAL STANDARD BOOK NUMBER | |
| Terms of availability | 40.00 |
| International Standard Book Number | 9788123752662 (Pbk) |
| 035 ## - SYSTEM CONTROL NUMBER | |
| System control number | EN-75852 |
| 035 ## - SYSTEM CONTROL NUMBER | |
| System control number | G-001367 |
| 037 ## - SOURCE OF ACQUISITION | |
| Source of stock number/acquisition | DBAD / PUB |
| 040 ## - CATALOGING SOURCE | |
| Original cataloging agency | dpl |
| Language of cataloging | English |
| 082 ## - DEWEY DECIMAL CLASSIFICATION NUMBER | |
| Classification number | 320.80954 |
| 100 ## - MAIN ENTRY--PERSONAL NAME | |
| Personal name | Bhambhri, Chander Prakash |
| 9 (RLIN) | 34224 |
| 245 ## - TITLE STATEMENT | |
| Title | Democracy in India / |
| Statement of responsibility, etc | by Chander Prakash Bhambhri |
| 260 ## - PUBLICATION, DISTRIBUTION, ETC. (IMPRINT) | |
| Name of publisher, distributor, etc | National Book Trust |
| Date of publication, distribution, etc | 2008 |
| Place of publication, distribution, etc | New Delhi |
| 300 ## - PHYSICAL DESCRIPTION | |
| Extent | 103p. |
| Dimensions | 22cm (Hb) |
| -- | 22cm (Pbk) |
| 490 ## - SERIES STATEMENT | |
| Series statement | Popular social science |
| -- | 34230 |
| 650 ## - SUBJECT ADDED ENTRY--TOPICAL TERM | |
| Topical term or geographic name as entry element | Democracy. |
| 9 (RLIN) | 34226 |
| 651 ## - SUBJECT ADDED ENTRY--GEOGRAPHIC NAME | |
| Geographic name | India |
| General subdivision | Politics and governments |
| Chronological subdivision | 1947- |
| 9 (RLIN) | 34227 |
| 942 ## - ADDED ENTRY ELEMENTS (KOHA) | |
| Source of classification or shelving scheme | Dewey Decimal Classification |
| Item type | English Books |
| Call number suffix | BHA |
| Classification part | 320.80954 |
| Withdrawn status | Lost status | Source of classification or shelving scheme | Damaged status | Not for loan | Collection code | Home library | Current library | Date acquired | Source of acquisition | Cost, normal purchase price | Total Checkouts | Full call number | Barcode | Date last seen | Copy number | Cost, replacement price | Koha item type | Public note |
|---|---|---|---|---|---|---|---|---|---|---|---|---|---|---|---|---|---|---|
| Dewey Decimal Classification | Not For Loan | Non-fiction | D.B.Act.Division | D.B.Act.Division | 01/01/2009 | DBAB / PUB | 200.00 | 320.954 BHA | EN-75852 | 31/12/2008 | 1 | 200.00 | English Books | |||||
| Dewey Decimal Classification | Non-fiction | Janak Puri | Janak Puri | 02/09/2011 | bppd/gift | 40.00 | 320.80954 BHA | G-001367 | 02/09/2011 | 1 | 40.00 | English Books | pbk ed. |
